Unemployment in India: policy for manpower (Record no. 352016)

000 -LEADER
fixed length control field 00353cam a22001217a 4500
008 - FIXED-LENGTH DATA ELEMENTS--GENERAL INFORMATION
fixed length control field 180718b1977 xxu||||| |||| 00| 0 eng d
082 ## - DEWEY DECIMAL CLASSIFICATION NUMBER
Classification number R112x54 P985
100 ## - MAIN ENTRY--PERSONAL NAME
Personal name Puttaswamaiah, K.
245 ## - TITLE STATEMENT
Title Unemployment in India: policy for manpower
Statement of responsibility, etc. by K. Puttaswamaiah
260 ## - PUBLICATION, DISTRIBUTION, ETC.
Place of publication, distribution, etc. Delhi
Name of publisher, distributor, etc. Oxford & IBH
Date of publication, distribution, etc. 1977
300 ## - PHYSICAL DESCRIPTION
Extent 196p.
650 ## - SUBJECT ADDED ENTRY--TOPICAL TERM
Topical term or geographic name entry element Unemployment - India
Holdings
Withdrawn status Lost status Damaged status Not for loan Permanent Location Current Location Date acquired Full call number Barcode Date last seen Price effective from Koha item type
        Indian Institute of Public Administration Indian Institute of Public Administration 1993-11-18 R112x54 P985 53370 2018-07-21 2018-07-21 Book

Powered by Koha